| 000 | 00477nam a2200181 i 4500 | ||
|---|---|---|---|
| 001 | 133795 | ||
| 003 | ES-MaACL | ||
| 007 | t| | ||
| 008 | 070829s1987 xxk ||||1| eng d | ||
| 020 | _a0-946653-28-3 | ||
| 245 | 0 | 4 | _aThe world of learning. |
| 250 | _a37th ed. | ||
| 260 |
_aLondon : _bEuropa Publications, _c1987. |
||
| 300 |
_aXV, 1933 p. ; _c29 cm. |
||
| 650 | 1 | 4 |
_aEducación- _vDirectorios _912077 |
| 852 |
_aES-MaACL _jL-8769 _bR.113271 |
||
| 999 |
_c133795 _d133795 |
||